The future of American transportation

Getting from here to there in the United States today can feel a lot closer to an episode of The Flintstones than The Jetsons. Every day we deal with problems that should be relics of the past: congested highways full of single-occupancy cars, mass transit systems continually under threat of service...

詳細記述

保存先:
書誌詳細
フォーマット: 図書
言語:Undetermined
出版事項: Englewood Cliffs, N.J. Prentice-Hall 1971
主題:
タグ: タグ追加
タグなし, このレコードへの初めてのタグを付けませんか!
Thư viện lưu trữ: Trung tâm Học liệu Trường Đại học Cần Thơ
LEADER 01127nam a2200193Ia 4500
001 CTU_222151
008 210402s9999 xx 000 0 und d
082 |a 380.5​0973 
082 |b F996 
245 4 |a The future of American transportation 
245 0 |c Edited by Williams Ernest W. 
260 |a Englewood Cliffs, N.J. 
260 |b Prentice-Hall 
260 |c 1971 
520 |a Getting from here to there in the United States today can feel a lot closer to an episode of The Flintstones than The Jetsons. Every day we deal with problems that should be relics of the past: congested highways full of single-occupancy cars, mass transit systems continually under threat of service cuts, and aging infrastructure on the verge of obsolescence if not total collapse. For all humanity’s advances, our daily haul can still be a nightmarish experience that reduces productivity, increases stress, endangers public safety, and hastens global climate change. 
650 |a American transportation,Giao thông Hoa Kỳ 
904 |i Kim Tuyến 
910 |a Qhieu 
980 |a Trung tâm Học liệu Trường Đại học Cần Thơ